[Event "Cap d'Agde CCAS op"]
[Site "Cap d'Agde"]
[Date "2010.10.31"]
[Round "7"]
[White "Maillot, Gregory"]
[Black "Duarte, Eddy Emerson"]
[Result "1/2-1/2"]
[WhiteElo "1988"]
[BlackElo "2033"]
[PlyCount "94"]
[EventDate "2010.10.23"]
[EventType "swiss"]
[EventRounds "7"]
[EventCountry "FRA"]
[SourceTitle "EXT 2012"]
[Source "ChessBase"]
[SourceDate "2011.11.24"]
[SourceVersion "1"]
[SourceVersionDate "2011.11.24"]
[SourceQuality "1"]

1. f4 g6 2. Nf3 Bg7 3. g3 d5 4. Bg2 Nh6 5. 0-0 0-0 6. d3 c6 7. Nc3 Bg4 8. e4 dxe4 9. dxe4 Nd7 10. Be3 f6 11. h3 Bxf3 12. Bxf3 e5 13. Qd2 Nb6 14. Qf2 Qc7 15. b3 exf4 16. gxf4 Kh8 17. a4 g5 18. f5 Rfd8 19. Ne2 Nd7 20. Nd4 Nf8 21. Ne2 Nf7 22. Bxa7 Rd2 23. Bb6 Qe5 24. Bd4 Qe7 25. Rac1 g4 26. hxg4 Bh6 27. Qe1 Rxd4 28. Nxd4 Bxc1 29. Qxc1 Qd6 30. Ne2 Rd8 31. Nf4 Ng5 32. Kg2 Re8 33. Re1 Nd7 34. Nh3 Nxh3 35. Kxh3 Ne5 36. Qf4 Qc5 37. Re2 Qg1 38. Qg3 Qc1 39. Kg2 Rd8 40. Qh4 Kg7 41. Rf2 Qf4 42. Qg3 Qg5 43. Rf1 Rd2+ 44. Rf2 Rd7 45. Be2 Rd2 46. Bf3 Rd7 47. Be2 Rd2 1/2-1/2

[Event "Cap d'Agde Cavalier op"]
[Site "Cap d'Agde"]
[Date "2008.10.25"]
[Round "1"]
[White "Blondel, Jerome"]
[Black "Duarte, Eddy Emerson"]
[Result "1-0"]
[WhiteElo "1852"]
[BlackElo "2073"]
[PlyCount "91"]
[EventDate "2008.10.25"]
[EventType "swiss"]
[EventRounds "9"]
[EventCountry "FRA"]
[SourceTitle "EXT 2010"]
[Source "ChessBase"]
[SourceDate "2010.11.25"]
[SourceVersion "1"]
[SourceVersionDate "2010.11.25"]
[SourceQuality "1"]

1. c4 d5 2. cxd5 Qxd5 3. Nc3 Qa5 4. Nf3 e6 5. g3 Be7 6. Bg2 c6 7. 0-0 h5 8. h4 g5 9. d4 gxh4 10. gxh4 Qf5 11. e4 Qg4 12. Kh2 e5 13. Nxe5 Qxh4+ 14. Kg1 Nf6 15. f3 Rg8 16. Qe1 Nfd7 17. Qxh4 Bxh4 18. Nc4 Nb6 19. Nd6+ Ke7 20. Nxc8+ Nxc8 21. Bf4 Nb6 22. Kh2 Na6 23. Rad1 Rad8 24. Bh3 Bf6 25. e5 Bh4 26. Ne4 Nd5 27. Bc1 f6 28. f4 Ndb4 29. a3 Nd5 30. Rg1 fxe5 31. dxe5 Rdf8 32. f5 Kd8 33. Bh6 Re8 34. Rxg8 Rxg8 35. f6 Rh8 36. Bg7 Rh7 37. e6 Bxf6 38. Bxf6+ Kc7 39. Be5+ Kb6 40. Nf6 Nxf6 41. Bxf6 Nc7 42. Bd8 Kc5 43. Bxc7 Rxc7 44. Rd7 Rc8 45. e7 Re8 46. Be6 1-0

[Event "Cap d'Agde op"]
[Site "Cap d'Agde"]
[Date "2006.11.02"]
[Round "8"]
[White "Girard, Jean Pierre"]
[Black "Duarte, Eddy Emerson"]
[Result "1-0"]
[WhiteElo "1973"]
[BlackElo "2025"]
[PlyCount "113"]
[EventDate "2006.10.26"]
[EventType "swiss"]
[EventRounds "9"]
[EventCountry "FRA"]
[SourceTitle "EXT 2007"]
[Source "ChessBase"]
[SourceDate "2006.11.23"]
[SourceVersion "1"]
[SourceVersionDate "2006.11.23"]
[SourceQuality "1"]

1. e4 e5 2. Nf3 Nc6 3. Bb5 a6 4. Ba4 Nf6 5. 0-0 Be7 6. c3 b5 7. Bb3 d6 8. h3 0-0 9. a4 Bb7 10. d3 Nb8 11. axb5 axb5 12. Rxa8 Bxa8 13. Na3 c6 14. Re1 Nbd7 15. d4 Qb8 16. Nc2 h6 17. Ne3 g6 18. Bc2 Rd8 19. Nf1 Bf8 20. Ng3 c5 21. d5 Ne8 22. Nh2 Bg7 23. Be3 Kh7 24. h4 Bb7 25. Nf3 Bc8 26. h5 Ndf6 27. hxg6+ fxg6 28. Nh2 Nd7 29. Rf1 b4 30. c4 Nc7 31. Qd3 Rf8 32. Ne2 Nf6 33. f4 Nxe4 34. g4 Nf6 35. Qxg6+ Kg8 36. fxe5 dxe5 37. Bxh6 Nce8 38. g5 Ne4 39. Bxe4 Rxf1+ 40. Nxf1 Kf8 41. Bxg7+ Nxg7 42. Nfg3 Bg4 43. Kf2 Qc7 44. Nf5 Bxf5 45. Bxf5 Ne8 46. Be6 Qg7 47. Qxg7+ Kxg7 48. Kg3 Nd6 49. Kg4 Nxc4 50. b3 Nd2 51. Nc1 Kf8 52. Kf5 Nf3 53. g6 Nh4+ 54. Kf6 Nxg6 55. Kxg6 e4 56. Kf6 Ke8 57. Ke5 1-0